000 00407cam a2200181ua 4500
020 _c4.00
041 _ahin
_h
082 _a891.54
_bVEL/LO
100 _aWells, H G .
245 _aLokom ka yudh /
_cH G Wells.
_hTextual Documents
250 _a1 /
_b.
260 _a :
_bRajpal and Sanch ,
_c1957.
300 _a238 ; .
365 _a4.00
504 _a
942 _cBK
999 _c3794
_d3794